00000000nam##2200000za#4500
0019.695906
003CaOODSP
00520210624234806
007cr |||||||||||
008150407|2001||||xxc|||||o    f|0| 0 eng|d
040 |aCaOODSP|beng
043 |an-cn---
0861 |aSC94-84/2001E-PDF
1101 |aCanada.|bCanadian Centre for Management Development.
24510|aFramework for management development in the federal science & technology community (S&T) / |h[electronic resource]|c[by] William G. Doubleday.
260 |bCanadian Centre for Management Development |cMay 2001.
300 |a13p.|borganization chart
500 |aThe catalogue number (SC94-84/2001) and ISBN (0-662-65863-9) for the bilingual print edition have been incorrectly copied in this electronic publication.
590 |a12-16-Supp|b2012-04-17
69007|aProfessional development|2gcpds
69007|aPublic service|2gcpds
69007|aSciences|2gcpds
69007|aTechnology|2gcpds
7201 |aDoubleday, William G.
77508|tCadre de perfectionnement en gestion pour la communauté de la science et technologie (S-T) au gouvernement fédéral / |w(CaOODSP)9.640026
7760#|tFramework for management development in the federal science & technology community (S&T) / |w(CaOODSP)9.662917
7760#|tCadre de perfectionnement en gestion pour la communauté de la science et technologie (S-T) au gouvernement fédéral / |w(CaOODSP)9.662918
85640|ahttp://publications.gc.ca|qPDF|s41 KB|uhttps://publications.gc.ca/collections/Collection/SC94-84-2001E.pdf